| 000 | 00847nam a22002417a 4500 | ||
|---|---|---|---|
| 999 |
_c650 _d650 |
||
| 005 | 20190911105913.0 | ||
| 008 | 190911b ||||| |||| 00| 0 eng d | ||
| 020 | _a9780198321668 | ||
| 020 | _a019832166X | ||
| 040 | _cKH8 | ||
| 082 | _a822.33 SHA | ||
| 100 |
_aShakespeare, William _eauthor |
||
| 245 |
_aRomeo & Juliet / _cWilliam Shakespeare; edited by Roma Gill |
||
| 260 |
_aOxford : _bOxford University Press, _c2009. |
||
| 300 |
_a1 v. : _bill. ; _c22 cm. |
||
| 440 | _aOxford school Shakespeare | ||
| 500 | _3Previous ed.: 2005. Includes index. Formerly CIP. | ||
| 600 |
_aShakespeare, William _d1564-1616 _tRomeo and Juliet _xJuvenile literature. |
||
| 650 |
_aRomeo _v(Fictitious character) _xJuvenile drama. |
||
| 650 |
_aJuliet _v(Fictitious character) _xJuvenile drama. |
||
| 700 |
_aGill, Roma _eEditor |
||
| 942 |
_2ddc _cNFIC |
||